[Event "CP-2012-P-00043"]
[Site "LSS email"]
[Date "2012.10.01"]
[Round "?"]
[White "Fernandez, German"]
[Black "Szymanski, Robert"]
[Result "0-1"]
[WhiteElo "1041"]
[BlackElo "2379"]
[PlyCount "40"]
[EventDate "2012.10.05"]
[EventType "tourn (corr)"]
[EventRounds "6"]
[EventCountry "GER"]
[SourceTitle "Telechess CBM 161"]
[Source "ChessBase"]
[SourceDate "2014.07.16"]
[SourceVersion "1"]
[SourceVersionDate "2014.07.16"]
[SourceQuality "1"]

1. d4 Nf6 2. c4 e6 3. Nc3 Bb4 4. f3 0-0 5. e4 d5 6. e5 Nfd7 7. cxd5 exd5 8. Bd2 Qh4+ 9. g3 Qxd4 10. Qe2 Qxe5 11. Qxe5 Nxe5 12. 0-0-0 c6 13. f4 Ng4 14. Nh3 Bf5 15. Be2 Nd7 16. Bxg4 Bxg4 17. Nf2 Bxd1 18. Rxd1 Rfe8 19. Re1 Rxe1+ 20. Bxe1 d4 0-1

[Event "CP-2012-P-00043"]
[Site "LSS email"]
[Date "2012.10.01"]
[Round "?"]
[White "Khan, Valery"]
[Black "Fernandez, German"]
[Result "1-0"]
[WhiteElo "2131"]
[BlackElo "1041"]
[PlyCount "31"]
[EventDate "2012.10.05"]
[EventType "tourn (corr)"]
[EventRounds "6"]
[EventCountry "GER"]
[SourceTitle "Corr 2015"]
[Source "ChessBase"]
[SourceDate "2015.07.17"]
[SourceVersion "1"]
[SourceVersionDate "2015.07.17"]
[SourceQuality "1"]

1. e4 c6 2. d4 d5 3. Nc3 dxe4 4. Nxe4 Bf5 5. Ng3 Bg6 6. Nf3 Nd7 7. h4 h6 8. Bf4 e6 9. h5 Bh7 10. Bd3 Bxd3 11. Qxd3 Ngf6 12. 0-0 Be7 13. Rad1 0-0 14. c4 Qa5 15. Qc2 Nxh5 16. Bd2 1-0

[Event "LSS No Engine Cup 73 Preliminary 4"]
[Site "LSS email"]
[Date "2012.09.24"]
[Round "?"]
[White "Fernandez, German"]
[Black "Digalakis, Georgios"]
[Result "0-1"]
[WhiteElo "1044"]
[BlackElo "1568"]
[PlyCount "86"]
[EventDate "2012.09.25"]
[EventType "tourn (corr)"]
[EventRounds "6"]
[EventCountry "GER"]
[SourceTitle "Telechess CBM 159"]
[Source "ChessBase"]
[SourceDate "2014.03.17"]
[SourceVersion "1"]
[SourceVersionDate "2014.03.17"]
[SourceQuality "1"]

1. d4 Nf6 2. c4 e6 3. Nf3 b6 4. g3 Bb7 5. Bg2 Bb4+ 6. Bd2 Be7 7. 0-0 0-0 8. Nc3 d5 9. cxd5 exd5 10. Rc1 Nbd7 11. Bf4 c6 12. Ne5 Nxe5 13. Bxe5 Re8 14. e3 Nd7 15. e4 dxe4 16. Nxe4 Nxe5 17. dxe5 Qc7 18. f4 Rad8 19. Qg4 Qd7 20. Qxd7 Rxd7 21. Rfd1 Red8 22. Rxd7 Rxd7 23. f5 c5 24. e6 Rd4 25. Re1 fxe6 26. fxe6 Bd5 27. Nc3 Bxg2 28. Kxg2 Kf8 29. Nb5 Rd2+ 30. Kf3 a6 31. Nc7 Rxb2 32. Nxa6 Bd6 33. Ke4 Rxa2 34. Kd5 Ke7 35. Rf1 Rd2+ 36. Kc6 Kxe6 37. Re1+ Kf5 38. Kxb6 Rxh2 39. Nxc5 Bxg3 40. Rf1+ Kg4 41. Ne4 h5 42. Kc5 Re2 43. Nxg3 Kxg3 0-1

[Event "LSS No Engine Cup 73 Preliminary 4"]
[Site "LSS email"]
[Date "2012.09.24"]
[Round "?"]
[White "Fernandez, German"]
[Black "Garcia, Javier N"]
[Result "1-0"]
[WhiteElo "1044"]
[BlackElo "789"]
[PlyCount "63"]
[EventDate "2012.09.25"]
[EventType "tourn (corr)"]
[EventRounds "6"]
[EventCountry "GER"]
[SourceTitle "Telechess CBM 159"]
[Source "ChessBase"]
[SourceDate "2014.03.17"]
[SourceVersion "1"]
[SourceVersionDate "2014.03.17"]
[SourceQuality "1"]

1. d4 Nf6 2. c4 e6 3. Nf3 b6 4. Nc3 Bb4 5. g3 Bb7 6. Bg2 0-0 7. 0-0 Bxc3 8. bxc3 d6 9. Bg5 Nbd7 10. Re1 Ba6 11. Qa4 h6 12. Bxf6 Nxf6 13. Qxa6 Qc8 14. Qxc8 Raxc8 15. a4 c6 16. Nd2 d5 17. cxd5 cxd5 18. Rec1 Rc7 19. c4 Rfc8 20. Ra3 a6 21. Rb3 b5 22. axb5 axb5 23. c5 Rb8 24. Rcb1 Rcb7 25. e3 Ne8 26. Rb4 Nc7 27. Nb3 Na6 28. Na5 Nxb4 29. Nxb7 Rxb7 30. Rxb4 Kf8 31. Bf1 Ke7 32. Rxb5 1-0

[Event "LSS No Engine Cup 72 Preliminary 5"]
[Site "LSS email"]
[Date "2012.09.06"]
[Round "?"]
[White "Fernandez, German"]
[Black "Potemri, Stefan"]
[Result "0-1"]
[WhiteElo "1044"]
[BlackElo "1704"]
[PlyCount "62"]
[EventDate "2012.09.07"]
[EventType "tourn (corr)"]
[EventRounds "6"]
[EventCountry "GER"]
[SourceTitle "Telechess CBM 159"]
[Source "ChessBase"]
[SourceDate "2014.03.17"]
[SourceVersion "1"]
[SourceVersionDate "2014.03.17"]
[SourceQuality "1"]

1. d4 d5 2. c4 e6 3. Nc3 Bb4 4. Nf3 Nf6 5. Bg5 Nc6 6. e3 0-0 7. Be2 h6 8. Bxf6 Qxf6 9. 0-0 dxc4 10. Bxc4 Bd7 11. Ne4 Qf5 12. Ng3 Qg6 13. a3 Bd6 14. Bd3 f5 15. Nh4 Qf6 16. Nf3 a5 17. Rc1 Rfe8 18. Qb3 a4 19. Qc2 g6 20. Rcd1 e5 21. dxe5 Nxe5 22. Nxe5 Rxe5 23. Ne2 Rc5 24. Qd2 Rd8 25. Nc3 Bc6 26. Qe2 Be5 27. Bc4+ Kf8 28. Rxd8+ Qxd8 29. Rd1 Qh4 30. h3 Qxc4 31. Qd2 Kf7 0-1

[Event "RF-2012-0-00127"]
[Site "LSS email"]
[Date "2012.08.15"]
[Round "?"]
[White "Fernandez, German"]
[Black "Lewis, Jerome A"]
[Result "0-1"]
[WhiteElo "1089"]
[BlackElo "1077"]
[PlyCount "88"]
[EventDate "2012.07.15"]
[EventType "tourn (corr)"]
[EventRounds "6"]
[EventCountry "GER"]
[SourceTitle "Telechess CBM 165"]
[Source "ChessBase"]
[SourceDate "2015.03.11"]
[SourceVersion "1"]
[SourceVersionDate "2015.03.11"]
[SourceQuality "1"]

1. d4 Nf6 2. c4 e6 3. Nc3 Bb4 4. e3 0-0 5. Bd3 d5 6. Nge2 Nbd7 7. 0-0 c5 8. a3 Bxc3 9. bxc3 cxd4 10. cxd4 b6 11. a4 Bb7 12. Ba3 Re8 13. Rc1 Rc8 14. Qb3 Ne4 15. Bxe4 dxe4 16. Rfd1 Qg5 17. Ng3 Nf6 18. c5 Bd5 19. Qb2 bxc5 20. Rxc5 Rxc5 21. Bxc5 a6 22. Rb1 Bc4 23. Qb7 Bd3 24. Re1 Qd5 25. Qxd5 Nxd5 26. f3 f5 27. fxe4 fxe4 28. Nh5 e5 29. g4 g6 30. Ng3 exd4 31. Bxd4 Kf7 32. Rc1 Ke6 33. Rc6+ Kd7 34. Rc5 Kd6 35. Rc1 Kd7 36. Nf1 Rf8 37. Nd2 Rb8 38. Nc4 Ke6 39. Ne5 Nb4 40. a5 Nc2 41. Nc6 Rb5 42. Bb6 h5 43. Rxc2 Rb1+ 44. Kf2 Bxc2 0-1

[Event "ZL-2012-0-01187"]
[Site "LSS email"]
[Date "2012.08.10"]
[Round "?"]
[White "Fernandez, German"]
[Black "O'Brien, Glenn"]
[Result "0-1"]
[WhiteElo "1097"]
[BlackElo "1329"]
[PlyCount "36"]
[EventDate "2012.08.06"]
[EventType "match (corr)"]
[EventRounds "2"]
[EventCountry "GER"]
[SourceTitle "Telechess CBM 153"]
[Source "ChessBase"]
[SourceDate "2013.03.14"]
[SourceVersion "1"]
[SourceVersionDate "2013.03.14"]
[SourceQuality "1"]

1. d4 Nf6 2. c4 e6 3. Nc3 Bb4 4. f3 d5 5. a3 Bxc3+ 6. bxc3 c5 7. e3 0-0 8. Nh3 Nc6 9. Bd3 e5 10. Nf2 exd4 11. cxd4 cxd4 12. exd4 Re8+ 13. Be2 dxc4 14. 0-0 b5 15. a4 Nxd4 16. Re1 Nxe2+ 17. Rxe2 Qxd1+ 18. Nxd1 Rxe2 0-1